The Bihar Public Service Commission (limitation of functions) regulations, 1957 (Record no. 490598)

000 -LEADER
fixed length control field 00369cam a22001097a 4500
008 - FIXED-LENGTH DATA ELEMENTS--GENERAL INFORMATION
fixed length control field 180718b1960 xxu||||| |||| 00| 0 eng d
082 ## - DEWEY DECIMAL CLASSIFICATION NUMBER
Classification number K100x5413 B489
100 ## - MAIN ENTRY--PERSONAL NAME
Personal name Bihar Public Service Commission. Appointment Department
245 ## - TITLE STATEMENT
Title The Bihar Public Service Commission (limitation of functions) regulations, 1957
260 ## - PUBLICATION, DISTRIBUTION, ETC.
Place of publication, distribution, etc. Patna
Name of publisher, distributor, etc. The Author
Date of publication, distribution, etc. 1960
300 ## - PHYSICAL DESCRIPTION
Extent 11p.
Holdings
Withdrawn status Lost status Damaged status Not for loan Permanent Location Current Location Date acquired Full call number Barcode Date last seen Price effective from Koha item type
        Indian Institute of Public Administration Indian Institute of Public Administration 2018-08-04 K100x5413 B489 GG15760 2018-08-04 2018-08-04 GG

Powered by Koha